<?xml version="1.0" encoding="UTF-8"?>
<record
    xmlns:xsi="http://www.w3.org/2001/XMLSchema-instance"
    xsi:schemaLocation="http://www.loc.gov/MARC21/slim http://www.loc.gov/standards/marcxml/schema/MARC21slim.xsd"
    xmlns="http://www.loc.gov/MARC21/slim">

  <leader>00979cam a22002291  4500</leader>
  <controlfield tag="001">he 66000544 </controlfield>
  <controlfield tag="003">DLC</controlfield>
  <controlfield tag="005">20260227111437.0</controlfield>
  <controlfield tag="008">940304m18891896po            000 0 heb  </controlfield>
  <datafield tag="010" ind1=" " ind2=" ">
    <subfield code="a">he 66000544 </subfield>
  </datafield>
  <datafield tag="025" ind1=" " ind2=" ">
    <subfield code="a">PL480:Is-1206</subfield>
  </datafield>
  <datafield tag="035" ind1=" " ind2=" ">
    <subfield code="a">(OCoLC)29903911</subfield>
  </datafield>
  <datafield tag="040" ind1=" " ind2=" ">
    <subfield code="a">DLC</subfield>
    <subfield code="c">TxU</subfield>
    <subfield code="d">TxU</subfield>
    <subfield code="d">DLC</subfield>
  </datafield>
  <datafield tag="042" ind1=" " ind2=" ">
    <subfield code="a">premarc</subfield>
  </datafield>
  <datafield tag="050" ind1="0" ind2="0">
    <subfield code="a">BS1225</subfield>
    <subfield code="b">.F382</subfield>
  </datafield>
  <datafield tag="100" ind1="0" ind2=" ">
    <subfield code="a">&#x1E24;ayim Ary. Leyb ben Yosef</subfield>
    <subfield code="q">(&#x1E24;ayim Aryeh Leyb ben Yosef)</subfield>
  </datafield>
  <datafield tag="245" ind1="1" ind2="0">
    <subfield code="a">Sha&#x2BB;ar bat rabim,</subfield>
    <subfield code="b">&#x2BB;al &#x1E24;amishah &#x1E25;umshe Torah ve-haftarot,</subfield>
    <subfield code="c">me-et &#x1E24;ayyim Aryeh Leb b. R. Yosef me-ir Yedvavna.</subfield>
  </datafield>
  <datafield tag="260" ind1=" " ind2=" ">
    <subfield code="a">Varsha,</subfield>
    <subfield code="b">Bi-defus N. Shriftgisser</subfield>
    <subfield code="c">[1889/90-1896?]</subfield>
  </datafield>
  <datafield tag="300" ind1=" " ind2=" ">
    <subfield code="a">5 v.</subfield>
    <subfield code="c">23 cm.</subfield>
  </datafield>
  <datafield tag="500" ind1=" " ind2=" ">
    <subfield code="a">Photo-offset; v. 1 stamped: Mahad. &#x1E25;adashah u-metukenet, 724; v. 2: Bi-defus Y. Lebenzohn, stamped: Yerushalayim, 724; v. 3-5: Pietrkov, A. Tikatsinski, Mahazik Sklar sefarim bi-Byalistok; without original date; v. 3 also stampted: Tel-Aviv, 728.</subfield>
  </datafield>
  <datafield tag="630" ind1="0" ind2="0">
    <subfield code="a">Bible.</subfield>
    <subfield code="p">Pentateuch</subfield>
    <subfield code="x">Commentaries.</subfield>
  </datafield>
  <datafield tag="999" ind1=" " ind2=" ">
    <subfield code="c">31619</subfield>
    <subfield code="d">31619</subfield>
  </datafield>
</record>
